000 00425ntaaa2200169 4500
003 01
005 20251027202438.0
008 0714s1973 ag 01
040 _aAR-BaBN
_bspa
_cAR-BaBN
_eaacr
_dRIC
082 _a266.0000 M423
100 _aMasters, Victor I.
_923318
245 _aBaptist missions in the south
250 _a1 ed. :
_bHMB, SBC,
_c1915
650 _aMisiones
650 _aIglesia Bautista
_9279
942 _cBK
999 _c19427
_d19427